000 00396nam a22001457a 4500
003 IT-RoPau
005 20220918175939.0
008 130129b xxu||||| |||| 00| 0 eng d
040 _cIT-RoPau
100 _aFamiglia Paolina
_998
245 _aIndirizzi 2006
_bdella Famiglia Paolina
260 _aRoma
_bSocietà San Paolo Segreteria Generale
_c2005
300 _a302 p.
_c15 cm
942 _2ddc
_cBK
999 _c37871
_d37871